=LDR 00000nam 2200000 4500 =001 000437 =005 20250710041340 =035 ##$$a 0010-0725000299 =007 ta =008 250710################a##########0#ind## =020 ##$$a 978-623-307-476-6 =082 ##$$a 398.209 598 =084 ##$$a 398.209 598 JAY b =100 #$$a Jayakumar Ashwitha =245 1#$$a Bau Apa Ini? /$c Ashwitha Jayakumar =250 ##$$a Cetakan Pertama 2024 =260 ##$$a Jakarta :$b Badan Pengembangan dan Pembinaan Bahasa,$c 2022 =300 ##$$a 18 hlm : $b Ilus. ; $c 21 cm =650 #4$$a Cerita Anak Indonesia - Terjemahan =650 #4$$a Literasi- Bahan Bacaan =990 ##$$a TBM01610161